ნორმალური ფორმატი
MARC ფორმატი
ჩანაწერი Personal Name
ჩანაწერთა რაოდენობა, რომელიც გამოყენებულია: 1
001 - CONTROL NUMBER
- control field: 18710
003 - CONTROL NUMBER IDENTIFIER
- control field: GE_BSU
005 - DATE AND TIME OF LATEST TRANSACTION
- control field: 20230614153659.0
008 - FIXED-LENGTH DATA ELEMENTS
- fixed length control field: 230614|| aca||aabn | a|a d
040 ## - CATALOGING SOURCE
- Original cataloging agency: GE_BSU
- Transcribing agency: GE_BSU
100 ## - HEADING--PERSONAL NAME
- Personal name: მეტრეველი, როინ
- Relator term: რედაქტორი.
670 ## - SOURCE DATA FOUND
- Source citation: Work cat.: (GE_BSU): ვარდოსანიძე, სერგო 18709, საქართველოს მართლმადიდებელი სამოციქულო ეკლესიის ასწლოვანი მატიანე (1917-2017 წ.წ.) /
